Etica: conceptos y problemas /
Guardado en:
| Autor Principal: | |
|---|---|
| Formato: | Libro |
| Publicado: |
Buenos Aires :
Biblos,
1991
|
| Materias: | |
| Etiquetas: |
Agregar Etiqueta
Sin Etiquetas, Sea el primero en etiquetar este registro!
|
| LEADER | 00823nam a22002175a 4500 | ||
|---|---|---|---|
| 001 | EHU.bham020840 | ||
| 003 | AR-BHAM | ||
| 005 | 20110523152958.0 | ||
| 008 | 130507s1991##################000#0#####d | ||
| 082 | 1 | 7 | |a 170 |
| 100 | 1 | |a Maliandi, Ricardo | |
| 245 | 1 | 0 | |a Etica: conceptos y problemas / |c Ricardo Maliandi |
| 260 | |a Buenos Aires : |b Biblos, |c 1991 | ||
| 300 | |a 130 p. | ||
| 500 | |a Este libro advierte el actual relieve de los problemas éticos y desea contar con un claro panorama general de la disciplina que se ocupa de dichos problemas. | ||
| 653 | |a Etica | ||
| 653 | |a Axiologia | ||
| 653 | |a Filosofia | ||
| 859 | |a AR-BHAM |b BIB. HUMANIDADES - General |h 170 |i M294 |p 167.97 |t Ej.1 | ||
| 859 | |a AR-BHAM |b BIB. HUMANIDADES - General |h 170 |i M294 |p 168.97 |t Ej.2 | ||
| 859 | |a AR-BHAM |b BIB. HUMANIDADES - General |h 170 |i M294 |p 169.97 |t Ej.3 | ||
